000 00701nam a22002417a 4500
001 BR9404412
003 BR-BrBNA
005 20230928094238.0
007 ta
008 230509b bl.||||| |||| 00| 0 por d
040 _aBR-BrBNA
_bpor
_cBiblioteca Nacional de Agricultura
041 _a(Por)
072 _aF06
090 _ F06 BR9404412
110 1 _aPrograma de Financiamento de Equipamentos de Irrigacao, Brasilia, DF (Brasil)
_97966
245 1 _aFalta chuva: o que fazer? a irrigacao ajuda a contornar este problema
260 3 _aBrasilia, DF (Brasil):
_c[np].
300 _a10 p.
500 _a27 illus.
650 _aIrrigacao
909 _a202309
_bLucia
_c55
_dLucia Elande
942 _cBK
999 _c49627
_d49627